| 000 | 00773nam a2200193Ia 4500 | ||
|---|---|---|---|
| 003 | GCL | ||
| 008 | 140319s9999 xx 000 0 ara d | ||
| 040 |
_aGCL / _cGCL |
||
| 082 | 0 | 4 |
_a229.3 _bم ا |
| 100 | 1 | _aمحيى الدين ابى زكريا يحى | |
| 245 | 1 | 0 |
_aالاذكار من كلام سيد الابرار: حلية الابرار وشعار الاخبار فى تلخيص الدعوات والاذكار المستحبة فى الليل والنهار / _cمحيى الدين ابى زكريا يحى |
| 260 |
_a[S.N] : _bالمكتبة العصرية للنشر والتوزيع ، _c1989 |
||
| 300 | _a557 ص | ||
| 490 | _a | ||
| 650 | 0 | 4 | _aالاسلام |
| 650 | 0 | 4 | _aالاحاديث النبوية |
| 650 | 0 | 4 | _aالاذكار |
| 942 |
_2ddc _cBK |
||
| 999 |
_c29815 _d29815 |
||